000 00496nam a22001817a 4500
999 _c100066
_d100066
005 20230530153342.0
010 _aENG-115148
020 _a9789385288142
_c299.00
035 _aEN-98680
037 _bDBAD/PUB
082 _aN
100 _aBedford, Ian
245 _aThe last candles of the night /
_cby Ian Bedford
260 _aNew Delhi
_bSpeaking Tiger
_c2015
270 _a4381/4 Ansari Road, Daryaganj,
_bNew Delhi
_e110002
300 _a275p.
_c20cm(pbk)
942 _2ddc
_cEN
_mBED
_hN